=LDR 00000nam 2200000 4500 =001 INLIS000000000059088 =005 20211022034615 =035 ##$$a 0010-1021000536 =007 ta =008 211022###########################0#ind## =020 ##$$a tidak teridentifikasi =082 ##$$a 550.372 3 =084 ##$$a 550.372 3 Muh k =245 1#$$a Keajaiban Sains : $b Para Ilmuwan Dunia Yang Menemukan Kebenaran Islam Melalui Penelitiannya /$c H. Muhammad Yusuf Bin Abdurrahman =300 ##$$a 214 halaman : $b Ilustrasi ; $c 20 cm =650 #4$$a Bumi - Dunia - Aspek Islam =264 ##$$a Yogyakarta :$b Diva Press,$c 2013 =336 ##$$a teks$2 rdacontent =337 ##$$a lain-lain$2 rdamedia =338 ##$$a lain-lain$2 rdacarrier =990 ##$$a 23222322